[Event "GER-chT11-A email"]
[Site "GER email"]
[Date "2015.10.15"]
[Round "?.2"]
[White "Degerhammar, Rune"]
[Black "Ruemmele, Michael"]
[Result "1/2-1/2"]
[WhiteElo "2500"]
[BlackElo "2536"]
[PlyCount "62"]
[EventDate "2015.??.??"]
[EventType "tourn (corr)"]
[EventRounds "8"]
[EventCountry "GER"]
[SourceTitle "Corr 2017"]
[Source "ChessBase"]
[SourceDate "2017.09.19"]
[SourceVersion "1"]
[SourceVersionDate "2017.09.19"]
[SourceQuality "1"]
[WhiteTeam "FSF Rochade 5171"]
[BlackTeam "SG Freibauer Luebbecke"]

1. c4 g6 2. Nc3 c5 3. g3 Bg7 4. Bg2 Nc6 5. a3 d6 6. Rb1 a5 7. Nf3 e5 8. 0-0 Nge7 9. d3 0-0 10. Bd2 Rb8 11. Ne1 Be6 12. Nc2 d5 13. b3 b6 14. e4 dxc4 15. dxc4 Bg4 16. f3 Bd7 17. Nd5 Nd4 18. Nxd4 cxd4 19. b4 Nxd5 20. cxd5 f5 21. f4 Bb5 22. Re1 Bd3 23. exf5 Bxb1 24. Qxb1 Rxf5 25. Bh3 Qxd5 26. Bxf5 gxf5 27. Qxf5 Rf8 28. Qe4 Qxe4 29. Rxe4 exf4 30. Rxf4 axb4 31. Rxf8+ Kxf8 1/2-1/2

[Event "GER-chT11-A email"]
[Site "GER email"]
[Date "2015.10.15"]
[Round "?.2"]
[White "Ruemmele, Michael"]
[Black "Koegler, Klaus"]
[Result "1/2-1/2"]
[WhiteElo "2536"]
[BlackElo "2539"]
[PlyCount "103"]
[EventDate "2015.??.??"]
[EventType "tourn (corr)"]
[EventRounds "8"]
[EventCountry "GER"]
[SourceTitle "Corr 2017"]
[Source "ChessBase"]
[SourceDate "2017.09.19"]
[SourceVersion "1"]
[SourceVersionDate "2017.09.19"]
[SourceQuality "1"]
[WhiteTeam "SG Freibauer Luebbecke"]
[BlackTeam "SV Osnabrueck von 1919 e.V."]

1. d4 d5 2. c4 c6 3. Nf3 Nf6 4. Nc3 dxc4 5. a4 Bf5 6. Ne5 Nbd7 7. Nxc4 Qc7 8. g3 e5 9. dxe5 Nxe5 10. Bf4 Nfd7 11. Bg2 g5 12. Ne3 gxf4 13. Nxf5 0-0-0 14. Qc2 Nc5 15. 0-0 fxg3 16. hxg3 a5 17. Rfd1 h5 18. Rxd8+ Qxd8 19. Rb1 Ng6 20. Rd1 Qf6 21. e3 Kb8 22. f4 Ne7 23. Nd6 Nc8 24. Nc4 h4 25. Ne5 hxg3 26. Ne2 Qh4 27. Nd4 Qh5 28. Rd2 Na7 29. Bf3 Qh4 30. Nf5 Qh7 31. Nxg3 Nc8 32. Qxh7 Rxh7 33. Ne4 Kc7 34. Ng5 Rg7 35. Nexf7 Nb6 36. Rc2 Nbxa4 37. Kf1 Be7 38. b3 Rxf7 39. Nxf7 Nxb3 40. Ne5 Nac5 41. Ng6 Bd6 42. f5 b5 43. f6 a4 44. f7 b4 45. f8Q Bxf8 46. Nxf8 Kb6 47. Ne6 Nxe6 48. Rxc6+ Kb5 49. Rxe6 Nd2+ 50. Ke2 Nxf3 51. Kd3 Ne1+ 52. Kd2 1/2-1/2

[Event "GER-chT11-A email"]
[Site "GER email"]
[Date "2015.10.15"]
[Round "?.2"]
[White "Ruemmele, Michael"]
[Black "Staroske, Uwe"]
[Result "1/2-1/2"]
[WhiteElo "2536"]
[BlackElo "2515"]
[PlyCount "122"]
[EventDate "2015.??.??"]
[EventType "tourn (corr)"]
[EventRounds "8"]
[EventCountry "GER"]
[SourceTitle "Corr 2017"]
[Source "ChessBase"]
[SourceDate "2017.09.19"]
[SourceVersion "1"]
[SourceVersionDate "2017.09.19"]
[SourceQuality "1"]
[WhiteTeam "SG Freibauer Luebbecke"]
[BlackTeam "Bremer SG von 1877"]

1. e4 c5 2. Nf3 Nc6 3. Bb5 e6 4. 0-0 Nge7 5. Re1 Nd4 6. a4 Nxf3+ 7. Qxf3 a6 8. Bf1 Nc6 9. Qg3 h5 10. h3 d6 11. Na3 h4 12. Qg4 g6 13. c3 Bg7 14. Nc4 Rb8 15. a5 Kf8 16. d3 e5 17. Qd1 Be6 18. Be2 Bh6 19. Bxh6+ Rxh6 20. Bg4 Bxc4 21. dxc4 Kg7 22. Qd5 Qc7 23. Red1 Rd8 24. Rdb1 Rhh8 25. b4 cxb4 26. cxb4 Nd4 27. b5 Rb8 28. Ra2 Rhe8 29. Kh2 Kf8 30. g3 hxg3+ 31. fxg3 Kg7 32. Rf2 Rf8 33. Rbf1 f6 34. b6 Qe7 35. h4 Ra8 36. Kg2 Rad8 37. Rc1 Nb3 38. Rh1 Nd4 39. h5 gxh5 40. Rxh5 Rh8 41. Rxh8 Rxh8 42. Bf5 Nc6 43. Qd1 Kf8 44. Rf1 Nxa5 45. Rh1 Rxh1 46. Qxh1 Qg7 47. Be6 Nc6 48. Bd5 Nd8 49. Qh3 a5 50. Qc8 Ke8 51. Be6 Qh7 52. Bf5 Qf7 53. Qc7 a4 54. Qxd6 Qe7 55. Qd5 Kf8 56. c5 Kg7 57. Bc8 a3 58. Bxb7 Qxb7 59. Qxb7+ Nxb7 60. c6 Nd6 61. b7 Nxb7 1/2-1/2

[Event "GER GM04-A email"]
[Site "GER email"]
[Date "2015.06.25"]
[Round "?"]
[White "Ruemmele, Michael"]
[Black "Gleichmann, Matthias"]
[Result "1/2-1/2"]
[WhiteElo "2542"]
[BlackElo "2550"]
[PlyCount "74"]
[EventDate "2015.??.??"]
[EventType "tourn (corr)"]
[EventRounds "10"]
[EventCountry "GER"]
[SourceTitle "Corr 2017"]
[Source "ChessBase"]
[SourceDate "2017.09.19"]
[SourceVersion "1"]
[SourceVersionDate "2017.09.19"]
[SourceQuality "1"]

1. e4 c5 2. Nf3 Nc6 3. Bb5 e6 4. 0-0 Nge7 5. Re1 Nd4 6. a4 a6 7. Bd3 Nec6 8. Na3 Nxf3+ 9. Qxf3 d6 10. b3 Be7 11. Nc4 d5 12. exd5 exd5 13. Ne5 Nxe5 14. Rxe5 Be6 15. Bb2 Bf6 16. Rae1 Bxe5 17. Rxe5 Qd6 18. Rg5 d4 19. Ba3 Rc8 20. Qh5 g6 21. Rxc5 Qxc5 22. Qxc5 Rxc5 23. Bxc5 Kd7 24. Bxd4 Rc8 25. Kf1 Bf5 26. Bxf5+ gxf5 27. c4 Rc6 28. a5 Rd6 29. Bc3 Rh6 30. h3 Re6 31. g3 b6 32. Kg2 bxa5 33. Bxa5 Rd6 34. f3 Rd3 35. Bc3 Rd6 36. Ba5 Rh6 37. d4 Re6 1/2-1/2

[Event "GER GM04-A email"]
[Site "GER email"]
[Date "2015.06.25"]
[Round "?"]
[White "Ruemmele, Michael"]
[Black "Serradimigni, Robert"]
[Result "1/2-1/2"]
[WhiteElo "2542"]
[BlackElo "2497"]
[PlyCount "51"]
[EventDate "2015.??.??"]
[EventType "tourn (corr)"]
[EventRounds "10"]
[EventCountry "GER"]
[SourceTitle "Corr 2017"]
[Source "ChessBase"]
[SourceDate "2017.09.19"]
[SourceVersion "1"]
[SourceVersionDate "2017.09.19"]
[SourceQuality "1"]

1. d4 d5 2. c4 c6 3. Nf3 Nf6 4. e3 Bf5 5. Nc3 e6 6. Nh4 Bg6 7. Nxg6 hxg6 8. Bd2 Nbd7 9. g3 Be7 10. c5 e5 11. Bg2 a5 12. 0-0 e4 13. a3 Nh7 14. b4 axb4 15. axb4 Rxa1 16. Qxa1 Ndf6 17. Qa7 Qc8 18. Ra1 0-0 19. Be1 Ng5 20. Nb1 Nh3+ 21. Kh1 Nh7 22. b5 Bf6 23. Nc3 N7g5 24. bxc6 bxc6 25. Qa6 Qe6 26. Rb1 1/2-1/2

[Event "GER-chT10 LJ-01 Br01 email"]
[Site "GER email"]
[Date "2013.10.04"]
[Round "?"]
[White "Kribben, Matthias"]
[Black "Ruemmele, Michael"]
[Result "1/2-1/2"]
[WhiteElo "2338"]
[BlackElo "2349"]
[PlyCount "57"]
[EventDate "2013.10.15"]
[EventType "tourn (corr)"]
[EventRounds "8"]
[EventCountry "GER"]
[SourceTitle "Corr 2015"]
[Source "ChessBase"]
[SourceDate "2015.07.17"]
[SourceVersion "1"]
[SourceVersionDate "2015.07.17"]
[SourceQuality "1"]

1. d4 d5 2. Nf3 Nf6 3. c4 c6 4. Nc3 e6 5. e3 Nbd7 6. Qc2 Bd6 7. Bd3 0-0 8. 0-0 dxc4 9. Bxc4 a6 10. Rd1 b5 11. Be2 Qc7 12. Ne4 Nxe4 13. Qxe4 Bb7 14. Bd3 g6 15. Qh4 c5 16. Ng5 h5 17. Ne4 Bxe4 18. Bxe4 Rac8 19. Bd2 Rfe8 20. Rac1 Be7 21. Qh3 Qb6 22. Qg3 h4 23. Qf4 cxd4 24. exd4 Nf6 25. Bf3 Nd5 26. Bxd5 exd5 27. h3 Bf6 28. Be3 Qe6 29. b3 1/2-1/2